000 00514nam a2200169 i 4500
001 71516
003 ES-MaACL
005 20230906171143.0
007 t|
008 040812s1970 sp ||||1| spa d
100 1 _aGenis Gálvez, José María.
_956321
245 1 0 _aBiología del desarrollo
_b: fundamentos de embriología /
_cpor José Mª Genis Gálvez.
250 _a[1ª ed.].
260 _aBarcelona :
_bEspaxs,
_c[1970]
300 _aXVI, 390 p. :
_bil. ;
_c27 cm.
852 _aES-MaACL
_jC-37294
_bR.75298
999 _c71516
_d71516